| 000 | 00709cam a22002295a 4500 | ||
|---|---|---|---|
| 001 | 17460499 | ||
| 005 | 20161117140326.0 | ||
| 008 | 120912s2012 caua fr 000 0 eng d | ||
| 020 | _a9781449322526 | ||
| 040 |
_aDLC _beng _cDLC _dDLC _dEG-ScBUE |
||
| 082 | 0 | 4 |
_222 _a005.3 _bGEU |
| 100 | 1 | _aGeudens, Tom. | |
| 245 | 1 | 0 |
_aResource-oriented computing with NetKernel / _cTom Geudens. |
| 260 |
_aSebastopol : _bO'Reilly, _cc.2012. |
||
| 300 |
_axiv, 225 p. : _bill. ; _c24 cm. |
||
| 650 | 7 |
_aSoftware architecture. _2BUEsh _929417 |
|
| 650 | 7 |
_aComputer software _xDevelopment. _2BUEsh _911535 |
|
| 650 | 7 |
_aSoftware engineering. _2BUEsh _93832 |
|
| 651 | _2BUEsh | ||
| 653 |
_bCOMSCI _cNovember2016 |
||
| 942 | _2ddc | ||
| 999 |
_c23180 _d23152 |
||